000 00185 a2200097 4500
020 _a9781403457455
041 _aspa
100 _aSchaefer, Lola M.
245 _aEl ermadillo
942 _cBK
999 _c1996
_d1996